Statistics for State Nicknames

Click here to take the quiz!

General Stats

  • This quiz has been taken 45 times
  • The average score is 40 of 50

Answer Stats

HintAnswer% Correct
The Golden StateCalifornia
96%
The Peach StateGeorgia
96%
The Bluegrass StateKentucky
96%
The Buckeye StateOhio
96%
The Grand Canyon StateArizona
93%
The Aloha StateHawaii
93%
The Garden StateNew Jersey
93%
The Last FrontierAlaska
89%
The Sunshine StateFlorida
89%
The Hoosier StateIndiana
89%
The Pelican StateLouisiana
89%
The Empire StateNew York
89%
The Mount Rushmore StateSouth Dakota
89%
The Volunteer StateTennessee
89%
The First StateDelaware
86%
The Show Me StateMissouri
86%
The Cornhusker StateNebraska
86%
The Beaver StateOregon
86%
The Lone Star StateTexas
86%
The Old DominionVirginia
86%
The Centennial StateColorado
82%
The Evergreen StateWashington
82%
The Constitution StateConnecticut
79%
The Hawkeye StateIowa
79%
The Sunflower StateKansas
79%
The Old Line StateMaryland
79%
The Silver StateNevada
79%
The Land of EnchantmentNew Mexico
79%
The Tar Heel StateNorth Carolina
79%
The Sooner StateOklahoma
79%
The Beehive StateUtah
79%
The Green Mountain StateVermont
79%
The Heart of DixieAlabama
75%
The North Star StateMinnesota
75%
The Magnolia StateMississippi
75%
The Granite StateNew Hampshire
75%
The Keystone StatePennsylvania
75%
The Palmetto StateSouth Carolina
75%
The Badger StateWisconsin
75%
The Equality StateWyoming
75%
The Prairie StateIllinois
71%
The Pine Tree StateMaine
71%
The Bay StateMassachusetts
71%
The Wolverine StateMichigan
71%
The Mountain StateWest Virginia
71%
The Natural StateArkansas
68%
The Gem StateIdaho
68%
The Ocean StateRhode Island
68%
The Peace Garden StateNorth Dakota
64%
The Treasure StateMontana
57%

Score Distribution

Percentile by Number Answered

Percent of People with Each Score

Your Score History

You have not taken this quiz